000 00399nam a22001697a 4500
999 _c11684
_d11684
003 OSt
008 230110b ||||| |||| 00| 0 eng d
020 _a9789332584839
082 _a658.332 MAS
100 _aMARTOCCHIO,Joseph J
245 _aStrateguc Compensation
250 _aIMP 3rd
260 _aUP
_bPearson
_c2019
300 _a385
650 _aStrateguc Compensation
942 _2ddc
_cREF